000 00724nam a2200205Ia 4500
005 20241216011337.0
008 190429s9999||||xx |||||||||||||| ||und||
082 _a305.235
_bS21
100 _aSANTIAGO RAMON, ANA MARIA Y MANTURANO VELASQUEZ, GLADYS NORMA
245 0 _aRELACION ENTRE LOS INDICADORES DE SALUD MENTAL DE LOS ADOLESCENTES VARONES DE LOS COLEGIOS ANDRES A.CACERES Y SAN RAM0N DE TARMA NOVIEMBRE - ENERO 1998
250 _a0
260 _aCERRO DE PASCO-PERU
_bUNDAC
_c1998
300 _a65 pag.
_c30 cm.
341 _h0
490 _v0
_a0
505 _aADOLESCENTES/SALUD MENTAL/ATENCION PRIMARIA
541 _aD
_bSANTIAGO RAMON, ANA MARIA
_d18-Feb-02
_oSoles
650 _aEnfermería
942 _cTESIS
999 _c39290
_d39290